Представление документа в формате RUSMARC

ПолеНазваниеЗначение
  Тип записи a
  Библиографический уровень m
001 Контрольный номер RU\bookru\bibl\916690
003 Постоянный идентификатор записи http://www.book.ru/book/916690
005 Дата корректировки 20161026112405.5
010 Индекс ISBN __
a ISBN 978-5-406-02982-4
100 Данные общей обработки 0_
a Данные общей обработки 20150101d2015 mk y0rusy50 ca
101 Язык документа 0_
a Язык текста Русский
102 Страна публикации __
a Страна публикации RU
105 Кодированные данные (монография) __
a Кодированные данные (монография) y ||||000yy
200 Заглавие и сведения об ответственности 1_
a Заглавие Основы маркетинга (для бакалавров)
210 Выходные данные __
a Место издания Москва
c Издательство КноРус
d Дата издания 2015
215 Физическое описание __
a Объем 236
330 Аннотация __
a Аннотация Изложены основные понятия маркетинга, виды и методы проведения маркетинговых исследований, дана подробная характеристика элементов комплекса маркетинга. Теоретические вопросы рассматриваются на конкретных практических примерах с учетом современного подхода к проблемам маркетинга. В конце каждой главы для самопроверки предложены тесты, ситуационные и практические задания. Соответствует действующим ФГОС ВО нового поколения. Для студентов бакалавриата и аспирантов, но и для всех практических работников, чья деятельность связана с маркетингом.
606 Тематические рубрики __
a Основная рубрика Маркетинг. Реклама. Паблик рилейшнз
2 Код системы local
608 Указатель предметных рубрик __
a Жанр/форма Учебное пособие
2 Код системы local
675 Индекс УДК __
a Индекс УДК 339.13(075.8)
z Язык издания rus
686 Индексы других классификаций __
a Классификационный индекс 65.291.34я73
2 Код системы rubbk
700 Автор _1
a Фамилия Умавов Ю.Д., Камалова Т.А.
801 Источник записи _1
a Страна RU
b Организация book_ru
c Дата составления 20150101
g Правила каталогизации RCR
856 Электронный адрес документа 4_
u Универсальный указатель ресурса (URL) http://www.book.ru/book/916690
951 __
a http://www.book.ru/book/916690